Bio-Nano-Geo-Sciences A biological route to nanotechnology (Record no. 480167)

000 -LEADER
fixed length control field 01473cas a22003977a 4500
001 - CONTROL NUMBER
control field 16573819
003 - CONTROL NUMBER IDENTIFIER
control field ASAB
005 - DATE AND TIME OF LATEST TRANSACTION
control field 20180827062648.0
008 - FIXED-LENGTH DATA ELEMENTS--GENERAL INFORMATION
fixed length control field 101209c20109999nyu x p 0 a0eng
020 ## - INTERNATIONAL STANDARD BOOK NUMBER
International Standard Book Number 9789384568573
035 ## - SYSTEM CONTROL NUMBER
System control number (OCoLC)ocn693373400
037 ## - SOURCE OF ACQUISITION
Source of stock number/acquisition Nova Science Publishers, 400 Oser Ave, Ste 1600, Hauppauge, NY 11788
040 ## - CATALOGING SOURCE
Original cataloging agency DLC
Language of cataloging eng
Transcribing agency ASAB
Modifying agency DLC
-- OCLCF
-- OCLCO
-- DLC
082 10 - DEWEY DECIMAL CLASSIFICATION NUMBER
Classification number 620.5
Edition number 14
210 ## - ABBREVIATED TITLE
Abbreviated title Bio-Nano-Geo-Sciences
222 #0 - KEY TITLE
Key title Bio Nano Geo Sciences A biological route to nanotechnology
Qualifying information (Hauppauge, N.Y.)
245 00 - TITLE STATEMENT
Title Bio-Nano-Geo-Sciences A biological route to nanotechnology
246 ## - VARYING FORM OF TITLE
Title proper/short title Bio Nano Geo Sciences A biological route to nanotechnology
260 ## - PUBLICATION, DISTRIBUTION, ETC.
Place of publication, distribution, etc. [Hauppauge, NY :
Name of publisher, distributor, etc. Nova Science Publishers]
300 ## - PHYSICAL DESCRIPTION
Extent 272 P.
310 ## - CURRENT PUBLICATION FREQUENCY
Current publication frequency Irregular
362 1# - DATES OF PUBLICATION AND/OR SEQUENTIAL DESIGNATION
Dates of publication and/or sequential designation Began with: Vol. 1 in 2010.
490 0# - SERIES STATEMENT
Series statement Advances in nanotechnology
500 ## - GENERAL NOTE
General note Editors: E.J. Chen and N. Peng, v. 1; Zacharie Bartul and Jérôme Trenor, v. 2-<v. 4>
650 #0 - SUBJECT ADDED ENTRY--TOPICAL TERM
Topical term or geographic name entry element Nanotechnology
Form subdivision Periodicals.
9 (RLIN) 2033
650 #7 - SUBJECT ADDED ENTRY--TOPICAL TERM
Topical term or geographic name entry element Nanotechnology.
Source of heading or term fast
9 (RLIN) 2034
655 #7 - INDEX TERM--GENRE/FORM
Genre/form data or focus term Periodicals.
Source of term fast
9 (RLIN) 2035
700 1# - ADDED ENTRY--PERSONAL NAME
Personal name Chen, E. Jack.
9 (RLIN) 2036
700 1# - ADDED ENTRY--PERSONAL NAME
Personal name Peng, N.
9 (RLIN) 2037
700 1# - ADDED ENTRY--PERSONAL NAME
Personal name Bartul, Zacharie.
9 (RLIN) 2038
700 1# - ADDED ENTRY--PERSONAL NAME
Personal name Trenor, Jérôme.
9 (RLIN) 2039
906 ## - LOCAL DATA ELEMENT F, LDF (RLIN)
a 7
b bbc
c serorig
d 2
e ncip
f 20
g n-oclcserc
942 ## - ADDED ENTRY ELEMENTS (KOHA)
Source of classification or shelving scheme
Koha item type Book
Holdings
Withdrawn status Lost status Source of classification or shelving scheme Damaged status Not for loan Collection code Permanent Location Current Location Date acquired Total Checkouts Full call number Barcode Date last seen Price effective from Koha item type
            Atta-ur-Rahman School of Applied Biosciences (ASAB) Atta-ur-Rahman School of Applied Biosciences (ASAB) 08/09/2016   620.5 KHA ASAB3385 08/09/2016 08/09/2016 Book
© 2023 Central Library, National University of Sciences and Technology. All Rights Reserved.